| 000 | 00498nam a2200133Ia 4500 | ||
|---|---|---|---|
| 008 | 171212s9999 xx 000 0 und d | ||
| 020 | _a9781921536687 | ||
| 245 |
_ceditor May, Ron _aPolicy Making and Implementation _bStudies from Papua New Guinea |
||
| 260 |
_bANU E Press _c2009 |
||
| 440 | _aState, Society and Governance in Melanesia | ||
| 650 | _aPolicy sciences; Papua New Guinea -- Politics and government | ||
| 650 | _aPolitical Science | ||
| 856 | _uwww.jstor.org/stable/10.2307/j.ctt24hbsx | ||
| 999 |
_c351258 _d351258 |
||